| 000 | 00836cam a22002658a 4500 | ||
|---|---|---|---|
| 008 | |||
| 020 | _a9781444336160 (pbk.) | ||
| 049 | _aMAIN | ||
| 090 |
_aTA637 _bGAR |
||
| 100 | 1 |
_aGarrison, Philip, _cCEng. |
|
| 245 | 1 | 0 |
_aBasic structures / _cPhilip Garrison. |
| 250 | _a2nd ed. | ||
| 260 |
_aHoboken : _bWiley-Blackwell, _c2011. |
||
| 300 |
_axiii, 350 p. : _bill. ; _c23 cm. |
||
| 504 | _aIncludes bibliographical references. | ||
| 500 | _aIncludes index. | ||
| 650 | 0 | _aStructural engineering. | |
| 650 | 7 |
_aTECHNOLOGY & ENGINEERING / Structural _2bisacsh. |
|
| 700 | 1 |
_aGarrison, Philip, _cCEng. _tBasic structures for engineers and architects. |
|
| 907 |
_a.b1032270x _b05-11-12 _c05-11-12 |
||
| 003 | |||
| 005 | 20230123125504.0 | ||
| 040 | _cNUST | ||
| 942 |
_cBOOKS _kTA637 _mGAR |
||
| 999 |
_c142415 _d142415 |
||